Ananthuvinte charithranweshanangal/ (Record no. 181624)

000 -LEADER
fixed length control field 00443nam a2200169 4500
020 ## - INTERNATIONAL STANDARD BOOK NUMBER
ISBN 9789357427944
082 ## - DEWEY DECIMAL CLASSIFICATION NUMBER
Classification number M080 9282
Item number SET/A
100 ## - MAIN ENTRY--AUTHOR NAME
Personal name Sethu
245 ## - TITLE STATEMENT
Title Ananthuvinte charithranweshanangal/
Statement of responsibility, etc by Sethu
260 ## - PUBLICATION, DISTRIBUTION, ETC. (IMPRINT)
Place of publication Kozhikkode:
Name of publisher Olive books,
Year of publication 2024.
300 ## - PHYSICAL DESCRIPTION
Number of Pages 72p.
650 ## - SUBJECT ADDED ENTRY--TOPICAL TERM
Topical Term Children's Literature Malayalam
650 ## - SUBJECT ADDED ENTRY--TOPICAL TERM
Topical Term Children's Literature
650 ## - SUBJECT ADDED ENTRY--TOPICAL TERM
Topical Term Literature Malayalam
650 ## - SUBJECT ADDED ENTRY--TOPICAL TERM
Topical Term Literature
942 ## - ADDED ENTRY ELEMENTS (KOHA)
Koha item type Book
Holdings
Withdrawn status Lost status Damaged status Not for loan Permanent Location Current Location Shelving location Date acquired Cost, normal purchase price Full call number Accession Number Price effective from Koha item type
        Sree Sankaracharya University of Sanskrit Sree Sankaracharya University of Sanskrit Stacks 19.05.2026 110.00 M080 9282 SET/A 108088 19.05.2026 Book